Area de Brodmann por porción del cerebro - Estadísticas

Estadísticas generales
  • Esta prueba ha sido intentada 26 veces
    11 desde el último reinicio
  • La puntuación promedio es 9 de 16
Estadísticas de respuestas
Porción Área de Brodmann % Correcto
Corteza motora primaria (giro precentral) 4
100%
Corteza visual primaria (cerca a la c. calcarina) 17
86%
Surco temporal superior posterior (área de Wernicke) 22
86%
Giro angular 39
86%
Corteza auditiva secundaria 42
86%
Giro supramarginal 40
71%
Corteza auditiva primaria (giro temporal transverso de Heschl). 41
71%
Corteza premotora y área motora suplementaria. 6
71%
Área gustativa (parte inferior del giro poscentral/parainsular). 43
57%
Corteza somatosensorial secundaria o de asociación (lóbulo parietal superior) 5 y 7
57%
Corteza somatosensorial primaria (giro poscentral) 1, 2 y 3
43%
Área de Broca 44 y 45
43%
Corteza orbitofrontal 10, 11 y 47
14%
Corteza visual secundaria o de asociación 18 y 19
14%
Cíngulo 23, 24, 25, 29, 31, 32 y 33
14%
Corteza entorrinal 28 y 34
14%
No se encontraron pruebas coincidentes
Distribución de puntuación
Porcentaje de gente con cada puntuación
Porcentaje por número respondido
Historial de tus puntuaciones
No has intentado esta prueba desde el último reinicio